000 00518nam a2200181 a 4500
005 20230608063655.0
008 991125s1957 par 000 0 fre u
035 _aUPN01000008787
049 _aCG
050 4 _aLB1043
_bG5.2
100 1 _aGiraud, Jean
245 1 0 _aComment enseigner par les moyens audiovisuels /
_cJean Giraud.
260 _aParis :
_bF. Nathan,
_c1957.
300 _a147 p.
440 0 _aBibliothéque pédagogique Fernand Nathan ;
_v5
650 4 _aEnseñanza audiovisual
_913757
905 _aLibro
999 _c8787
_d8787